| 000 | 00406nam a2200181Ia 4500 | ||
|---|---|---|---|
| 001 | 1553 | ||
| 005 | 20260306143737.0 | ||
| 008 | 260306t2013||||xx |||||||||||||| ||spa|| | ||
| 041 | _aESP | ||
| 082 |
_a150.9 _bL33 2013 |
||
| 100 |
_aLeahey, Thomas Hardy _eAUT |
||
| 245 | 0 | _aHistoria de la psicologĂa | |
| 260 | _c2013 | ||
| 300 |
_a _c |
||
| 650 | _aGEN | ||
| 654 | _aCPS | ||
| 942 |
_cLIB _dJUS _fJUS _2ddc _n |
||
| 999 |
_c1553 _d1553 |
||